01438nam a2200241Ia 4500001001100000003001000011008004100021040002500062041001300087100003100100245005000131250001100181260009200192300002700284500026000311501011400571520026000685650003400945942000700979957000600986999004200992952016201034L235-10678IT-CnALBA170116s9999||||xx |||||||||||||| ||und|| aIT-CnALBAcIT-CnALBA aITALIANO aBARRA GIOVANNI, SACERDOTE. 0aMAZZOLARI, UN PROFETA OBBEDIENTE. 1890-1959.  a1a ed. aTORINO - MILANObGRIBAUDI PIERO. EDITOREc1966 [1° Ed.:1966 - Ed.Ling.Originale: 1966] a242 p. (prefazione: 5) aDON PRIMO MAZZOLARI. DATI BIOGRAFICI. NOTA BIBLIOGRAFICA. SACERDOTE. MILITARE. PARROCO DI CICOGNARA. A BOZZOLO. SCRITTORE. GIORNALISTA. RICERCATO. DIRETTORE DEL QUINDICINALE ADESSO. SOSPESO. UDIENZA DI PAPA GIOVANNI. MORTE A CREMONA. OPERE. SCRITTI SU DON aSocietà San Paolo EM - Piazza San Paolo, 14 - 12051 ALBA (CN) (non commercial uses only) ® Copyright 2017 aDON PRIMO MAZZOLARI. DATI BIOGRAFICI. NOTA BIBLIOGRAFICA. SACERDOTE. MILITARE. PARROCO DI CICOGNARA. A BOZZOLO. SCRITTORE. GIORNALISTA. RICERCATO. DIRETTORE DEL QUINDICINALE ADESSO. SOSPESO. UDIENZA DI PAPA GIOVANNI. MORTE A CREMONA. OPERE. SCRITTI SU DON aMARIA SS. ANGELI SANTI DEMONI cBK 71 a15431bNOg Copie: 1 c269855d269855 0010406L_2351067871aALBAbALBAd2017-01-16l0oL235-10678r2017-01-16 00:00:00w2017-01-16yBKz(data import: 16 gennaio 2017) - By Epidotti, Vaglietti.